000 00855nam a2200241 a 4500
001 000034268
005 20200930070924.0
008 110929s2003 es 000 0 spa d
020 _a8474329531
040 _aDO-SdBNP
_bspa
_cBNPHU
100 1 _aCharaudeau, Patrick
_959691
240 1 0 _aLe discours d'information médiatique
245 1 3 _aEl discurso de la información :
_bla construcción del espejo social /
_cPatrick Charaudeau.
260 _aBarcelona :
_bGedisa,
_c2003.
300 _a317 p. ;
_c23 cm.
490 1 _aEl mamífero parlante
500 _aIncluye referencias bibliográficas y notas al pie de las páginas
500 _aIncluye referencias bibliográficas y notas al pie de las págians
500 _aIncluye índice
700 1 _aMizraji, Margarita,
_etr.
_951626
830 0 _aEl mamífero parlante
_959692
049 _aBNPD
999 _c33759
_d33759